Statistics for Biggest Cities in Wisconsin - Extreme

Click here to take the quiz!

General Stats

  • This quiz has been taken 22 times
  • The average score is 27 of 50

Answer Stats

CountyPopulationAnswer% Correct
Brown104,057Green Bay
100%
Dane208,054Madison
100%
Milwaukee594,833Milwaukee
100%
Eau Claire65,883Eau Claire
94%
Kenosha99,218Kenosha
94%
La Crosse51,320La Crosse
94%
Racine78,860Racine
94%
Waukesha70,718Waukesha
94%
Outagamie72,623Appleton
88%
Fond du Lac43,021Fond du Lac
88%
Manitowoc33,736Manitowoc
88%
Winnebago66,083Oshkosh
88%
Sheboygan49,288Sheboygan
82%
Douglas27,244Superior
82%
Marathon39,106Wausau
76%
Rock63,575Janesville
71%
Rock36,966Beloit
65%
Milwaukee60,411West Allis
65%
Waukesha35,626Menomonee Falls
59%
Portage26,717Stevens Point
59%
Milwaukee36,720Greenfield
53%
Dunn16,264Menomonie
53%
Waukesha39,584New Berlin
53%
Washington31,078West Bend
53%
Waukesha37,920Brookfield
47%
Milwaukee35,451Franklin
47%
Waukesha24,135Muskego
47%
Milwaukee21,156South Milwaukee
47%
Racine26,197Mount Pleasant
41%
Winnebago25,501Neenah
41%
Waukesha15,759Oconomowoc
41%
Dane29,364Sun Prairie
41%
Wood18,367Wisconsin Rapids
41%
Racine24,705Caledonia
35%
Milwaukee18,267Cudahy
35%
Dane17,442Middleton
35%
Milwaukee34,451Oak Creek
35%
Milwaukee46,396Wauwatosa
35%
Brown16,963Ashwaubenon
29%
Brown23,800De Pere
29%
Ozaukee23,132Mequon
29%
Washington19,749Germantown
24%
Wood19,118Marshfield
24%
Winnebago17,353Menasha
24%
Kenosha19,719Pleasant Prairie
24%
Jefferson23,861Watertown
24%
Dane25,260Fitchberg
18%
Brown17,399Howard
18%
La Crosse17736Onalaska
18%
Dodge16,214Beaver Dam
12%

Score Distribution

Percentile by Number Answered

Percent of People with Each Score

Your Score History

You have not taken this quiz